| 000 -ლიდერი |
| ფიქსირებული სიგრძის საკონტროლო ველი |
01082nam a22002177a 4500 |
| 003 - საკონტროლო ნომრის იდენტიფიკატორი |
| საკონტროლო ველი |
Ge_BSU |
| 005 - ბოლო ოპერაციის თარიღი და დრო |
| საკონტროლო ველი |
20230426165642.0 |
| 008 - ფიქსირებული სიგრძის მონაცემთა ელემენტები - ზოგადი ინფორმაცია |
| ფიქსირებული სიგრძის საკონტროლო ველი |
230426s2006ge xxu||||| |||| 00| 0 geo d |
| 020 ## - წიგნის საერთაშორისო სტანდარტული ნომერი |
| International Standard Book Number |
9994066110 |
| 041 ## - ენის კოდი |
| Language code of text/sound track or separate title |
geo |
| 080 ## - უნივერსალური ათობითი კლასიფიკაციის ინდექსი |
| Universal Decimal Classification number |
113/119 |
| 100 ## - მთავარი ჩანაწერი - პიროვნების სახელი |
| Personal name |
როინიშვილი, ნინო. |
| 9 (RLIN) |
17822 |
| 245 ## - ცნობა სათაურის შესახებ |
| Title |
სამყაროს ევოლუცია : |
| Remainder of title |
დიდი აფეთქებიდან დიდ გახლეჩამდე? / |
| Statement of responsibility, etc |
ნინო როინიშვილი, მანანა სვანიძე ; რედ.: ჯ. ლომინაძე, ი. მანჯავიძე. |
| 264 ## - წარმოების, გამოცემის, დისტრიბუციის და სხვა ცნობები |
| გამოცემის, წარმოების, დისტრიბუციის... ადგილი |
თბილისი : |
| გამოცემის, წარმოების, დისტრიბუციის... სახელწოდება |
საქართველოს მაცნე, |
| გამოცემის, წარმოების, დისტრიბუციის... თარიღი |
2006. |
| 300 ## - ფიზიკური აღწერა |
| Extent |
88 გვ. : |
| Other physical details |
ილ. ; |
| Dimensions |
22 სმ. |
| 653 ## - INDEX TERM--UNCONTROLLED |
| Uncontrolled term |
კოსმოლოგია. |
| 700 ## - ADDED ENTRY--PERSONAL NAME |
| Personal name |
სვანიძე, მანანა |
| 9 (RLIN) |
17823 |
| 700 ## - ADDED ENTRY--PERSONAL NAME |
| Personal name |
ლომინაძე, ჯ |
| Relator term |
რედაქტორი |
| 9 (RLIN) |
17824 |
| 700 ## - ADDED ENTRY--PERSONAL NAME |
| Personal name |
მანჯავიძე, ი |
| Relator term |
რედაქტორი |
| 9 (RLIN) |
17825 |
| 942 ## - ADDED ENTRY ELEMENTS (KOHA) |
| Source of classification or shelving scheme |
|
| Koha item type |
წიგნი |